10 najpopularniejszych modeli telefonów - Statystyki

Ogólne statystyki
  • Ten quiz został rozwiązany 8 razy
  • Średni wynik to 4 z 10
Statystyki odpowiedzi
udział w rynku Odpowiedź % Poprawnych
2% Samsung Galaxy A12
60%
1.1% Xiaomi Redmi 9
60%
2% Apple IPhone 11
40%
2.9% Apple IPhone 12
40%
2,1% Apple IPhone 12 Pro
40%
2.2% Apple IPhone 12 Pro Max
40%
2.1% Apple IPhone 13
40%
1.3% Apple IPhone 13 Pro Max
20%
1.6% Apple IPhone SE (2020)
20%
1.9% Xiaomi Redmi 9A
20%
Nie znaleziono quizów pasujących do podanych kryteriów
Rozkład punktacji
Procent ludzi z każdym wynikiem
Percentyl według liczby udzielonych odpowiedzi
Twoja historia wyników
Nie rozwiązałeś tego quizu